000 00374nam a2200145Ia 4500
008 211109s9999||||xx |||||||||||||| ||und||
082 _a900
_bKER-H
100 _aKerala History Association Ern,
245 0 _aHistory On The March
260 _bMathrubhumi
_aKozhikode
_c1966
300 _aviii+
630 _xGeneral Stack
650 _aHistory
_xGeneralia
942 _cBOOK
999 _c27062
_d27062